Statistics for Manchester Derby XIs 2022-2027

Click here to take the quiz!

General Stats

  • This quiz has been taken 168 times
  • The average score is 24 of 29

Answer Stats

Answer% Correct
Ederson Moraes
100%
Erling Haaland
97%
David de Gea
96%
Kyle Walker
96%
Kevin De Bruyne
94%
Phil Foden
92%
Jack Grealish
91%
Marcus Rashford
91%
Nathan Aké
91%
Bernardo Silva
90%
Rodri
89%
Bruno Fernandes
86%
Raphaël Varane
85%
Manuel Akanji
84%
Luke Shaw
82%
Aaron Wan-Bissaka
81%
İlkay Gündoğan
79%
Anthony Martial
78%
Casemiro
77%
Antony
76%
João Cancelo
75%
Riyad Mahrez
73%
Diogo Dalot
72%
Lisandro Martínez
71%
Scott McTominay
71%
Fred
70%
Jadon Sancho
70%
Christian Eriksen
63%
Tyrell Malacia
60%

Score Distribution

Percentile by Number Answered

Percent of People with Each Score

Your Score History

You have not taken this quiz